000
00339 a2200157 4500
001
58195
020
_a
040
_c
Anchieta - Pituba
100
_a
Braga, Esmeraldo
240
1
0
_a
A hora e a vez do jumento
_l
por
245
1
0
_a
A hora e a vez do jumento
300
_a
90
362
0
_a
1979
650
4
_a
Drama brasileiro
942
_c
BK
999
_c
58195
_d
58195